[Event "GRE-chT Online Rapid op 1st"]
[Site "Tornelo INT"]
[Date "2021.02.21"]
[Round "5.14"]
[White "Christodoulou, Panormitis"]
[Black "Vakakis, Panteleimon"]
[Result "1/2-1/2"]
[WhiteElo "1647"]
[BlackElo "1713"]
[PlyCount "44"]
[EventDate "2021.02.20"]
[EventType "team-swiss (rapid)"]
[EventRounds "9"]
[EventCountry "GRE"]
[SourceTitle "EXT 2023"]
[Source "ChessBase"]
[SourceDate "2022.10.05"]
[SourceVersion "1"]
[SourceVersionDate "2022.10.05"]
[SourceQuality "1"]

1. e4 e5 2. Nf3 Nc6 3. Bb5 a6 4. Ba4 Nf6 5. d3 d6 6. c3 b5 7. Bc2 Be7 8. Nbd2 0-0 9. 0-0 Bb7 10. Re1 Nd7 11. d4 exd4 12. cxd4 Nb4 13. Bb1 c5 14. d5 f5 15. a3 fxe4 16. axb4 exf3 17. Nxf3 Nf6 18. Ng5 Qd7 19. Ne6 Rf7 20. Ng5 Rff8 21. Ne6 Rf7 22. Ng5 Rff8 1/2-1/2

[Event "GRE-chT Online Rapid op 1st"]
[Site "Tornelo INT"]
[Date "2021.02.20"]
[Round "1.22"]
[White "Vakakis, Panteleimon"]
[Black "Dimitriou Zotos, Konstantinos"]
[Result "1-0"]
[WhiteElo "1713"]
[BlackElo "1043"]
[PlyCount "55"]
[EventDate "2021.02.20"]
[EventType "team-swiss (rapid)"]
[EventRounds "9"]
[EventCountry "GRE"]
[SourceTitle "EXT 2023"]
[Source "ChessBase"]
[SourceDate "2022.10.05"]
[SourceVersion "1"]
[SourceVersionDate "2022.10.05"]
[SourceQuality "1"]

1. e4 e5 2. Nf3 Nc6 3. Bb5 a6 4. Ba4 Bc5 5. 0-0 Nf6 6. c3 b5 7. Bb3 0-0 8. Re1 d6 9. h3 Be6 10. d4 exd4 11. cxd4 Bb6 12. d5 Bd7 13. dxc6 Bxc6 14. Nc3 b4 15. Nd5 Ba7 16. Bg5 Bxd5 17. Bxd5 Rb8 18. Nd4 h6 19. Nc6 Qc8 20. Ne7+ Kh8 21. Nxc8 Rbxc8 22. Bxf6 gxf6 23. Qh5 Kg7 24. Rac1 Bd4 25. Rcd1 Bxb2 26. Rd3 Be5 27. Qf5 c6 28. Bb3 1-0